000 01549nam a22002177a 4500
003 NALT
005 20250826103013.0
008 250716b th ||||| |||| 00| 0 tha d
020 _q
040 _aNALT
090 _aอศ
_bน171อ 2565
245 1 0 _aอนุสรณ์งานพระราชทานเพลิงศพ รองศาสตราจารย์ นพนิธิ สุริยะ ม.ป.ช., ม.ว.ม., ต.จ. 26 พฤศจิกายน 2565 ณ เมรุวัดมกุฎกษัตริยารามราชวรวิหาร เขตพระนคร กรุงเทพมหานคร.
260 _aกรุงเทพฯ :
_bโรงพิมพ์เดือนตุลา,
_c2565.
300 _a175 หน้า :
_bภาพประกอบ;
_c26 ซม.
505 2 _aสำนึกในพระมหากรุณาธิคุณ -- ประวัติ -- ประมวลภาพ -- ในความทรงจำ -- อาจารย์นพ -- กฎหมายระหว่างประเทศแผนกคดีเมืองและกฎหมายสิทธิมนุษยชน -- บทความวิชาการของลูกศิษย์.
600 0 4 _aนพนิธิ สุริยะ
_xชีวประวัติ
_966502
942 _cCRE
_2local
996 _akanyakorn.i
_bLIBSTF
_c2025-07-16
996 _ajamriang.p
_bCATSTF
_c2025-08-26
999 _c106980
_d106980
998 _j1020
_k นางจำเรียง ระวังสำโรง